000 00688cam a22002411 4500
001 sa 68005657
003 DLC
005 20260227112510.0
008 890726s1966 ii 000 0 malo
010 _asa 68005657
035 _a(OCoLC)20074861
040 _aDLC
_cWaU
_dDLC
042 _apremarc
050 0 0 _aPL4718.2
_b.M4
100 1 _aMenon, M. S.
245 1 0 _aKavita kavit̲r̲ayattinnuśēṣam.
260 _c[1966]
300 _a241 p.
_c18 cm.
500 _aIn Malayalam.
500 _aPapers presented at a symposium organized in 1965 by the Kēraḷasāhityasamiti, Tellecherry.
650 0 _aMalayalam poetry.
710 2 _aKēraḷasāhityasamiti, Tellicherry.
999 _c80853
_d80853